Parasites chien et chat - Les vers - Statistiques

Statistiques générales
  • Ce quiz a été pris 83 fois
  • Le résultat moyen est 4 sur 6
Statistiques - réponses
Question Réponse % Correct
Les vers plats sont transmissible de la selle à la gueule VRAI
90%
Les vers ronds s’installent dans l’intestin pour absorber les nutriments VRAI
85%
Quels sont les nématodes ? Les vers ronds
70%
Quels sont les cestodes ? Vers plats
70%
Les vers plats peuvent se transmettre par le lait maternel FAUX
60%
Les vermifuges protègent de tout les types de vers VRAI
50%
Aucun quiz correspondant
Distribution des résultats
% des personnes avec chaque résultat
Percentile par nombre de réponses
Votre historique - résultats
Vous n’avez pas pris ce quiz